An introduction to management science : (Record no. 594509)

000 -LEADER
fixed length control field 01162cam a22002894a 4500
001 - CONTROL NUMBER
control field 4048868
005 - DATE AND TIME OF LATEST TRANSACTION
control field 20230413154238.0
008 - FIXED-LENGTH DATA ELEMENTS--GENERAL INFORMATION
fixed length control field 990412s2000 ohua b 001 0 eng
010 ## - LIBRARY OF CONGRESS CONTROL NUMBER
LC control number 99027530
020 ## - INTERNATIONAL STANDARD BOOK NUMBER
International Standard Book Number 0324003218 (hc. : alk. paper)
040 ## - CATALOGING SOURCE
Original cataloging agency DLC
Transcribing agency DLC
Modifying agency DLC
042 ## - AUTHENTICATION CODE
Authentication code pcc
050 00 - LIBRARY OF CONGRESS CALL NUMBER
Classification number HD30.25
Item number .A53 2000
082 00 - DEWEY DECIMAL CLASSIFICATION NUMBER
Classification number 658.4
Edition number 21
Author Mark AND
100 1# - MAIN ENTRY--PERSONAL NAME
Personal name Anderson, David R.
Fuller form of name (David Ray),
Dates associated with a name 1941-
9 (RLIN) 111901
245 13 - TITLE STATEMENT
Title An introduction to management science :
Remainder of title quantitative approaches to decision making /
Statement of responsibility, etc. David R. Anderson, Dennis J. Sweeney, Thomas A. Williams.
250 ## - EDITION STATEMENT
Edition statement 9th ed.
260 ## - PUBLICATION, DISTRIBUTION, ETC.
Place of publication, distribution, etc. Cincinnati :
Name of publisher, distributor, etc. South-Western College Pub.,
Date of publication, distribution, etc. 2000.
300 ## - PHYSICAL DESCRIPTION
Extent xix, 848, 46, 6 p. :
Other physical details ill. ;
Dimensions 27 cm.
504 ## - BIBLIOGRAPHY, ETC. NOTE
Bibliography, etc. note Includes bibliographical references (p. A-7-A-8) and index.
650 #0 - SUBJECT ADDED ENTRY--TOPICAL TERM
Topical term or geographic name entry element Management science.
9 (RLIN) 13843
700 1# - ADDED ENTRY--PERSONAL NAME
Personal name Sweeney, Dennis J.
9 (RLIN) 111902
700 1# - ADDED ENTRY--PERSONAL NAME
Personal name Williams, Thomas A.
Fuller form of name (Thomas Arthur),
Dates associated with a name 1944-
9 (RLIN) 111903
906 ## - LOCAL DATA ELEMENT F, LDF (RLIN)
a 7
b cbc
c orignew
d 1
e ocip
f 19
g y-gencatlg
942 ## - ADDED ENTRY ELEMENTS (KOHA)
Source of classification or shelving scheme
Koha item type Book
Holdings
Withdrawn status Lost status Source of classification or shelving scheme Damaged status Not for loan Permanent Location Current Location Shelving location Date acquired Total Checkouts Full call number Barcode Date last seen Price effective from Koha item type
          School of Mechanical & Manufacturing Engineering (SMME) School of Mechanical & Manufacturing Engineering (SMME) General Stacks 04/13/2023   658.4 AND SMME-3806 04/13/2023 04/13/2023 Book
© 2023 Central Library, National University of Sciences and Technology. All Rights Reserved.